Statistics for Superhero Alphabet

Click here to take the quiz!

General Stats

  • This quiz has been taken 65 times
  • The average score is 11 of 26

Answer Stats

Hint Answer % Correct
Bruce WayneBatman
100%
Anthony Edward StarkIron Man
86%
Robert Bruce BannerHulk
82%
Hank PymAnt Man
75%
DianaWonder Woman
75%
Matthew Michael MurdockDaredevil
73%
Charles Francis XavierProfessor X
73%
Pietro Django MaximoffQuicksilver
61%
Richard John GraysonRobin
55%
Jonathan BlazeGhost Rider
52%
Warrior PrincessXena
48%
Richard John GraysonNightwing
46%
Walker, Texas RangerChuck Norris
45%
Don Diego de la VegaZorro
43%
Helen ParrElastigirl
38%
Henry Jonathan PymYellowjacket
30%
Dave LizewskiKick-A$$
20%
Steven GordonFlash Gordon
18%
BrunnhildeValkyrie
14%
Jerrica BentonJem
9%
Usagi TsukinoSailor Moon
7%
Ayla RanzzLight Lass
5%
Luke O'BrianOffspring
4%
TareneThor Girl
4%
Tsu-ZanaUltragirl
4%
Christopher BradleyMaverick
2%

Score Distribution

Percentile by Number Answered

Percent of People with Each Score

Your Score History

You have not taken this quiz